00378nam a2200133 a 450008200160000010000210001624500750003726000330011230000090014550000350015450500120018965000220020170000210022300a297.63bHIG aHiggins, Godfrey aApology for the Life and Character of the Celebrated Prophet of Arabia aLondonbRowland Hunterc1829 a108p aincludes index and biblioraphy2 aIndices aMuhammad, Prophet1 aHiggins, Godfrey